|
|
|
|
| LEADER |
02696nam a2200673 i 4500 |
| 001 |
nkc20172939298 |
| 003 |
CZ PrNK |
| 005 |
20171121094141.0 |
| 007 |
ta |
| 008 |
171003s2017 xr aeh f 001 0 cze |
| 015 |
|
|
|a cnb002939298
|
| 020 |
|
|
|a 978-80-01-06155-8
|q (brožováno)
|
| 035 |
|
|
|a (OCoLC)1011118952
|
| 040 |
|
|
|a BOA001
|b cze
|e rda
|
| 041 |
0 |
|
|a cze
|b eng
|b ger
|
| 043 |
|
|
|a e-xr---
|b e-xr-pg
|2 czenas
|
| 045 |
|
|
|a w-x-
|
| 072 |
|
7 |
|a 71
|x Územní plánování. Urbanismus. Památková péče
|2 Konspekt
|9 21
|
| 080 |
|
|
|a 711.4/.8
|2 MRF
|
| 080 |
|
|
|a 711.4
|2 MRF
|
| 080 |
|
|
|a 625.714
|2 MRF
|
| 080 |
|
|
|a 72.012.2
|2 MRF
|
| 080 |
|
|
|a (437.311)
|2 MRF
|
| 080 |
|
|
|a (048.8)
|2 MRF
|
| 080 |
|
|
|a (084.11)
|2 MRF
|
| 100 |
1 |
|
|a Brůhová, Klára,
|d 1985-
|7 mzk2014828903
|4 aut
|
| 245 |
1 |
0 |
|a Praha nepostavená :
|b vltavské břehy jako urbanistické téma moderní metropole /
|c Klára Brůhová
|
| 250 |
|
|
|a 1. vydání
|
| 264 |
|
1 |
|a Praha :
|b Česká technika - nakladatelství ČVUT,
|c 2017
|
| 300 |
|
|
|a 345 stran :
|b ilustrace, plány, faksimile ;
|c 26 cm
|
| 336 |
|
|
|a text
|b txt
|2 rdacontent
|
| 337 |
|
|
|a bez média
|b n
|2 rdamedia
|
| 338 |
|
|
|a svazek
|b nc
|2 rdacarrier
|
| 504 |
|
|
|a Obsahuje bibliografii, bibliografické odkazy a rejstřík
|
| 546 |
|
|
|a Anglické a německé resumé
|
| 550 |
|
|
|a Vydavatel: České vysoké učení technické v Praze
|
| 648 |
|
7 |
|a 19.-20. století
|7 ch757015
|2 czenas
|
| 650 |
0 |
7 |
|a rozvoj měst
|7 ph137468
|z Česko
|y 19.-20. století
|2 czenas
|
| 650 |
0 |
7 |
|a urbanismus
|7 ph116541
|z Česko
|y 19.-20. století
|2 czenas
|
| 650 |
0 |
7 |
|a nábřeží
|7 ph606716
|z Česko
|2 czenas
|
| 650 |
0 |
7 |
|a architektonické projekty
|7 ph137760
|z Česko
|y 19.-20. století
|2 czenas
|
| 650 |
0 |
9 |
|a urban development
|z Czechia
|y 19th-20th centuries
|2 eczenas
|
| 650 |
0 |
9 |
|a city planning
|z Czechia
|y 19th-20th centuries
|2 eczenas
|
| 650 |
0 |
9 |
|a embankments
|z Czechia
|2 eczenas
|
| 650 |
0 |
9 |
|a architectural projects
|z Czechia
|y 19th-20th centuries
|2 eczenas
|
| 651 |
|
7 |
|a Praha (Česko)
|7 ge118011
|2 czenas
|
| 651 |
|
9 |
|a Prague (Czechia)
|2 eczenas
|
| 655 |
|
7 |
|a monografie
|7 fd132842
|2 czenas
|
| 655 |
|
7 |
|a obrazové publikace
|7 fd132947
|2 czenas
|
| 655 |
|
9 |
|a monographs
|2 eczenas
|
| 655 |
|
9 |
|a pictorial works
|2 eczenas
|
| 710 |
2 |
|
|a České vysoké učení technické v Praze
|7 kn20010710137
|4 isb
|
| 910 |
2 |
|
|a BOA001
|b 3-1394.732
|
| 928 |
9 |
|
|a České vysoké učení technické v Praze
|
| 990 |
|
|
|a BK
|
| 995 |
|
|
|a 01
|
| 991 |
|
|
|b 201710
|c NOV
|
| 996 |
6 |
|
|b 2610720879
|c 3-1394.732
|l MZK
|r Sklad / do 1 hodiny
|n 4
|p p.v.
|w 001633180
|u 000010
|a 1
|e BOA001
|j MZK50
|s P
|
| 996 |
7 |
|
|b 2610724298
|c 3-1394.732
|l Vol.výběr
|r VV 1p
|n 12
|p kup
|h 71 BRŮ
|w 001633180
|u 000020
|a 0
|e BOA001
|j MZK50
|s A
|